| 000 | 00841nam a2200253 a 4500 | ||
|---|---|---|---|
| 008 | 951211s1980||||[C 0 slo c | ||
| 020 | _c73 | ||
| 040 |
_aSNK _bslo _cSNK _eAACR2 |
||
| 041 | 1 |
_aslo _heng |
|
| 044 |
_axo _cSK |
||
| 080 | _a820-3 | ||
| 100 | 1 |
_aFielding, Henry _4aut |
|
| 245 | 1 | 0 |
_aNajdúch Tom Jones. Zv. 2 _cHenry Fielding ; Juraj Vojtek, Karol Ondreička, Juraj Linzboth, Juraj Vojtek, Jana Kantorová-Báliková |
| 260 |
_aBratislava _bTatran _c1980 _eKošice _fVýchodoslovenské tlačiarne |
||
| 300 | _c24 cm | ||
| 490 | 0 |
_aVýber _vZv. 46. |
|
| 500 | _aIlustr. na front. a predsádkach. Cena za 1. a 2. zv. 73 Kčs. Vysvetl. | ||
| 700 | 1 | _4trl | |
| 700 | 1 |
_aOndreička, Karol _4bkd |
|
| 700 | 1 |
_aLinzboth, Juraj _4bkd |
|
| 700 | 1 |
_aVojtek, Juraj _4oth |
|
| 700 | 1 |
_aKantorová-Báliková, Jana _4oth |
|
| 958 | _aA | ||
| 999 |
_c10597 _d10597 |
||